All 1m cities in the world with 4 letters - Statistics

General Stats
  • This quiz has been taken 74 times
  • The average score is 14 of 26
Answer Stats
Country City % Correct
Peru Lima
100%
Ukraine Kiev
98%
Italy Rome
95%
Azerbaijan Baku
91%
Qatar Doha
89%
France Lyon
88%
Norway Oslo
88%
Colombia Cali
74%
Palestine Gaza
72%
China Xi'an
72%
India Pune
71%
Togo Lomé
69%
Nigeria Kano
62%
Algeria Oran
55%
Philippines Cebu
52%
Russia Perm
48%
India Agra
46%
Russia Omsk
46%
Mexico León
35%
China Zibo
22%
China Cixi
18%
Japan Naha
17%
China Wuhu
11%
India Kota
9%
China Yiwu
6%
China Lu'an
3%
No matching quizzes found
Score Distribution
Percent of People with Each Score
Percentile by Number Answered
Your Score History
You have not taken this quiz